Responses for Show #2010 - Friday, May 7, 1993

1993 College Championship quarterfinal game 5.

Contestants

[<< previous game]

Jessica Sison, a sophomore from San Francisco State University

Ann Menge, a senior from Marquette University

Eric Biber, a sophomore from Harvard University

[next game >>]

Jeopardy! Round responses

MATH
NURSERY RHYMES
TRAVEL U.S.A.
HISTORY
VOCABULARY
EAT YOUR VEGETABLES
    $100 26
(Jessica: What is...110?)
(Eric: What is 132 degrees?)

137

EricAnnJessica
    $100 21
Pat-a-cake, pat-a-cake

Ann
    $100 1
Hawaii

Ann
    $100 14
Boston Tea Party

Eric
    $100 2
tick

Eric
    $100 9
cucumber

Jessica
    $200 27
4

Ann
    $200 22
pease porridge

Ann
    $200 3
Missouri

Eric
    $200 15
Aaron Burr

Ann
    $200 5
pest

Ann
    $200 10
(Jessica: What is vitamin A?)

vitamin C

EricJessica
    $300 28
x-axis

Ann
    $300 23
dish & the spoon

Jessica
    $300 4
Smithsonian

Ann
    $300 16
(Ann: Who is Mary, er, [*]?)

Abraham Lincoln

Ann
    $300 6
haze

Jessica
    $300 12
cabbage

Eric
    $400 29
[Eric rings in just ahead of the time's up signal sounding.]

60%

Eric
    $400 24
her pocket

Ann
    $400 11
Seattle

Ann
    $400 17
Catherine the Great

Eric
    $400 7
umbrage

Triple Stumper
    $400 19
potato

Jessica
    $500 30
5/12

Eric
    $500 25
(Alex: Who is Wee Willie Wonka? Winkie!)
[Laughter]
(Alex: Boy, when you're a chocoholic at my age it does things to your brain.)

Wee Willie Winkie

Triple Stumper
    $300 13
Virginia

Eric
    $500 18
Mary Queen of Scots

Eric
    $500 8
pharynx

Jessica
    $500 20
leek

Jessica

Scores at the first commercial break (after clue 15):

Eric Ann Jessica
$1,200 $1,200 $700

Scores at the end of the Jeopardy! Round:

Eric Ann Jessica
$2,900 $2,800 $1,800

Double Jeopardy! Round responses

MYTHOLOGY
CATEGORY ON ICE
EXPLORATION
POLITICIANS
THEATRE
COLLEGE NICKNAMES
    $200 3
snakes

Ann
    $200 26
glacier

Eric
    $200 20
Ponce de León

Ann
    $200 8
(Mario) Cuomo

Eric
    $200 1
Truman Capote

Jessica
    $200 14
(Ann: What is Ohio State?)
...
(Alex: Ohio State is the Buckeyes.)

Iowa

EricAnn
    $400 4
Minotaur

Ann
    $400 27
ice cream social

Ann
    $400 21
Christopher Columbus

Ann
    $400 9
Jack Kemp

Ann
    $400 2
Henry VIII

Ann
    $400 15
UCLA

Eric
    $600 5
(Eric: Who is...Hercules?)

Odysseus

EricAnn
    $600 28
Antarctica

Ann
    $600 22
(Captain) Cook

Eric
    $600 10
(Bob) Dole

Eric
    $600 13
Phantom of the Opera

Eric
    $600 16
Kansas

Eric
    $800 6
Styx

Eric
    $800 29
6

Jessica
    $800 24
Cortés

Eric
    $800 11
(Alex: Yes, replaced Bill Clinton.)

Arkansas

Eric
    $800 18
Misery

Jessica
    $800 17
Minnesota

Ann
    $1000 7
Athena

Ann
    $1000 30
30 degrees Fahrenheit

Eric
    $900 25
(Vasco) da Gama

Eric
    $1000 12
John Glenn

Jessica
    $1000 19
Tommy Tune

Jessica
    $1000 23
Syracuse

Eric

Scores at the end of the Double Jeopardy! Round:

Eric Ann Jessica
$11,000 $8,000 $5,600

Final Jeopardy! Round responses

BOOKS & AUTHORS
JessicaWhat is Poor Richard's Almanac?
$5,599
AnnWhat is Poor Richard's Almanac?
$7,500
EricWhat is Farmers Almanac?
$201
Poor Richard's Almanack

Final scores:

Eric Ann Jessica
$10,799 $15,500 $11,199
3rd place: $1,000 if eliminated Automatic semifinalist 2nd place: $1,000 if eliminated

Game dynamics:

Coryat scores:

Eric Ann Jessica
$11,300 $8,000 $5,600
24 R
(including 3 DDs),
2 W
23 R,
1 W
11 R,
2 W

Combined Coryat: $24,900

[game clues] [game scores] [suggest correction]

Game tape date: 1993-02-22
The J! Archive is created by fans, for fans. Scraping, republication, monetization, and malicious use prohibited; this site may use cookies and collect identifying information. See terms. The Jeopardy! game show and all elements thereof, including but not limited to copyright and trademark thereto, are the property of Jeopardy Productions, Inc. and are protected under law. This website is not affiliated with, sponsored by, or operated by Jeopardy Productions, Inc. Join the discussion at JBoard.tv.